000 00355 a2200157 4500
001 74723
020 _a9788534704328
040 _cAnchieta - Colégio São Paulo
100 _aFdida, Jean - Jacques
240 1 0 _aO bigode do leão
_lpor
245 1 0 _aO bigode do leão
300 _a49
362 0 _a2010
650 4 _aLiteratura juvenil
942 _cBK
999 _c74723
_d74723